<?xml version="1.0" encoding="UTF-8"?>
<record
    xmlns:xsi="http://www.w3.org/2001/XMLSchema-instance"
    xsi:schemaLocation="http://www.loc.gov/MARC21/slim http://www.loc.gov/standards/marcxml/schema/MARC21slim.xsd"
    xmlns="http://www.loc.gov/MARC21/slim">

  <leader>02703njm a2200457Ia 4500</leader>
  <controlfield tag="001">27515</controlfield>
  <controlfield tag="003">IT-RoPAU</controlfield>
  <controlfield tag="005">20220918181125.0</controlfield>
  <controlfield tag="008">131025s9999    xx            000 0 und d</controlfield>
  <datafield tag="040" ind1=" " ind2=" ">
    <subfield code="a">IT-RoPAU</subfield>
  </datafield>
  <datafield tag="040" ind1=" " ind2=" ">
    <subfield code="c">IT-RoPAU</subfield>
  </datafield>
  <datafield tag="041" ind1=" " ind2=" ">
    <subfield code="a">ITALIANO</subfield>
  </datafield>
  <datafield tag="999" ind1=" " ind2=" ">
    <subfield code="c">100107</subfield>
    <subfield code="d">100107</subfield>
  </datafield>
  <datafield tag="999" ind1=" " ind2=" ">
    <subfield code="b">n.d.</subfield>
  </datafield>
  <datafield tag="100" ind1=" " ind2=" ">
    <subfield code="a">AA.VV.</subfield>
    <subfield code="9">794</subfield>
  </datafield>
  <datafield tag="100" ind1=" " ind2=" ">
    <subfield code="e">Autore musica</subfield>
    <subfield code="9">18368</subfield>
  </datafield>
  <datafield tag="100" ind1=" " ind2=" ">
    <subfield code="g">Codice autore musica SPICS: 12000</subfield>
    <subfield code="9">796</subfield>
  </datafield>
  <datafield tag="245" ind1=" " ind2=" ">
    <subfield code="a">Specimen di successi</subfield>
  </datafield>
  <datafield tag="250" ind1=" " ind2=" ">
    <subfield code="a">1a ed.</subfield>
  </datafield>
  <datafield tag="260" ind1=" " ind2=" ">
    <subfield code="a">MILANO</subfield>
  </datafield>
  <datafield tag="260" ind1=" " ind2=" ">
    <subfield code="b">ECO</subfield>
    <subfield code="c">1970 [1a Ed.:1970 - Ed. Lingua Orig.: 1970]</subfield>
  </datafield>
  <datafield tag="300" ind1=" " ind2=" ">
    <subfield code="a">DISCO</subfield>
  </datafield>
  <datafield tag="500" ind1=" " ind2=" ">
    <subfield code="a">Canzoni</subfield>
  </datafield>
  <datafield tag="505" ind1=" " ind2=" ">
    <subfield code="a">Viva la gente  - Karamba - In dulci jubilo - Lui mi ha dato - Paradiso canto XXXIII - E quando in ciel - Vagabondo fischiettando - Lezione di canto - Morire cos&#xEC;, di primavera - Tarantella napoletana - Il movimento romantico - Canto delle squadriglie</subfield>
  </datafield>
  <datafield tag="650" ind1=" " ind2=" ">
    <subfield code="a">CANZONE [DISCHI]</subfield>
    <subfield code="e">Codice MATERIA SPICS: 9950</subfield>
    <subfield code="9">920</subfield>
  </datafield>
  <datafield tag="700" ind1=" " ind2=" ">
    <subfield code="a">Colwell Paul</subfield>
    <subfield code="d">Codice autore musica SPICS: 13198</subfield>
    <subfield code="e">Autore musica</subfield>
    <subfield code="p">Viva la gente </subfield>
    <subfield code="9">18369</subfield>
  </datafield>
  <datafield tag="700" ind1=" " ind2=" ">
    <subfield code="a">Colwell Ralph</subfield>
    <subfield code="d">Codice autore SPICS: 13199</subfield>
    <subfield code="e">Autore</subfield>
    <subfield code="p">Viva la gente </subfield>
    <subfield code="9">18370</subfield>
  </datafield>
  <datafield tag="700" ind1=" " ind2=" ">
    <subfield code="a">Varnav&#xE0; S.</subfield>
    <subfield code="d">Codice autore musica SPICS: 13200</subfield>
    <subfield code="e">Autore musica</subfield>
    <subfield code="p">Karamba - E quando in ciel - Vagabondo fischiettando - Morire cos&#xEC;, di primavera</subfield>
    <subfield code="9">18371</subfield>
  </datafield>
  <datafield tag="700" ind1=" " ind2=" ">
    <subfield code="a">Consonni Eugenio</subfield>
    <subfield code="d">Codice autore testo/musica SPICS: 10837</subfield>
    <subfield code="e">Autore testo/musica</subfield>
    <subfield code="p">Karamba - Il movimento romantico</subfield>
    <subfield code="9">18372</subfield>
  </datafield>
  <datafield tag="700" ind1=" " ind2=" ">
    <subfield code="a">Bach Johann Sebastian</subfield>
    <subfield code="d">Codice autore musica SPICS: 9695</subfield>
    <subfield code="e">Autore musica</subfield>
    <subfield code="p">In dulci jubilo</subfield>
    <subfield code="9">18373</subfield>
  </datafield>
  <datafield tag="700" ind1=" " ind2=" ">
    <subfield code="a">Drigo Riccardo</subfield>
    <subfield code="d">Codice autore musica SPICS: 13202</subfield>
    <subfield code="e">Autore musica</subfield>
    <subfield code="p">Lui mi ha dato</subfield>
    <subfield code="9">18374</subfield>
  </datafield>
  <datafield tag="700" ind1=" " ind2=" ">
    <subfield code="a">Chieffo Claudio</subfield>
    <subfield code="d">Codice autore testo/musica SPICS: 13201</subfield>
    <subfield code="e">Autore testo/musica</subfield>
    <subfield code="p">Lui mi ha dato</subfield>
    <subfield code="9">18375</subfield>
  </datafield>
  <datafield tag="700" ind1=" " ind2=" ">
    <subfield code="a">Anonimo </subfield>
    <subfield code="d">Codice autore musica SPICS: 2620</subfield>
    <subfield code="e">Autore musica</subfield>
    <subfield code="9">18376</subfield>
  </datafield>
  <datafield tag="700" ind1=" " ind2=" ">
    <subfield code="a">Alighieri Dante</subfield>
    <subfield code="d">Codice autore testo SPICS: 13203</subfield>
    <subfield code="e">Autore testo</subfield>
    <subfield code="p">Paradiso canto XXXIII</subfield>
    <subfield code="9">18377</subfield>
  </datafield>
  <datafield tag="700" ind1=" " ind2=" ">
    <subfield code="a">Ceragioli Enzo</subfield>
    <subfield code="d">Codice autore testo/musica SPICS: 13191</subfield>
    <subfield code="e">Autore testo/musica</subfield>
    <subfield code="p">E quando in ciel - Vagabondo fischiettando - Morire cos&#xEC;, di primavera - Tarantella napoletana</subfield>
    <subfield code="9">18378</subfield>
  </datafield>
  <datafield tag="700" ind1=" " ind2=" ">
    <subfield code="a">Nason L.</subfield>
    <subfield code="d">Codice autore musica SPICS: 13204</subfield>
    <subfield code="e">Autore musica</subfield>
    <subfield code="p">Lezione di canto</subfield>
    <subfield code="9">18379</subfield>
  </datafield>
  <datafield tag="700" ind1=" " ind2=" ">
    <subfield code="a">Rosatea</subfield>
    <subfield code="d">Codice autore testo/musica SPICS: 13205</subfield>
    <subfield code="e">Autore testo/musica</subfield>
    <subfield code="p">Lezione di canto</subfield>
    <subfield code="9">18380</subfield>
  </datafield>
  <datafield tag="700" ind1=" " ind2=" ">
    <subfield code="a">Costa A.</subfield>
    <subfield code="d">Codice autore musica SPICS: 13206</subfield>
    <subfield code="e">Autore musica</subfield>
    <subfield code="p">Morire cos&#xEC;, di primavera</subfield>
    <subfield code="9">18381</subfield>
  </datafield>
  <datafield tag="700" ind1=" " ind2=" ">
    <subfield code="a">Kalafati L.</subfield>
    <subfield code="d">Codice autore musica SPICS: 13207</subfield>
    <subfield code="e">Autore musica</subfield>
    <subfield code="p">Il movimento romantico</subfield>
    <subfield code="9">18382</subfield>
  </datafield>
  <datafield tag="700" ind1=" " ind2=" ">
    <subfield code="a">Stefani Dusan</subfield>
    <subfield code="d">Codice autore musica SPICS: 11361</subfield>
    <subfield code="e">Autore musica</subfield>
    <subfield code="p">Canto delle squadriglie</subfield>
    <subfield code="9">18383</subfield>
  </datafield>
  <datafield tag="942" ind1=" " ind2=" ">
    <subfield code="c">MD</subfield>
    <subfield code="2">ddc</subfield>
  </datafield>
  <datafield tag="952" ind1=" " ind2=" ">
    <subfield code="0">0</subfield>
    <subfield code="1">0</subfield>
    <subfield code="4">0</subfield>
    <subfield code="6">27515_000000000000000</subfield>
    <subfield code="7">1</subfield>
    <subfield code="a">SPICS</subfield>
    <subfield code="b">SPICS</subfield>
    <subfield code="d">2013-10-25</subfield>
    <subfield code="l">0</subfield>
    <subfield code="o">27515</subfield>
    <subfield code="r">2013-10-25 00:00:00</subfield>
    <subfield code="w">2013-10-25</subfield>
    <subfield code="y">MD</subfield>
    <subfield code="z">Progr. Ins.: 7072 / N.Vol.: 1 / Copie: 1 - Copia rara: n.d. / date import: 01.01.2014 - By Epidotti, Trombetti, Vaglietti</subfield>
  </datafield>
</record>
